| 000 | 00437nam a2200145Ia 4500 | ||
|---|---|---|---|
| 041 | _aArabic | ||
| 082 | _a210.072 cut-389 م | ||
| 100 | _a20260118u\\\\\\\\\\\y0engy0103\\\\ba | ||
| 100 | _aكاوه محمود | ||
| 245 | 0 | _aالزنا في الشرائع القديمة وفي الفقه الاسلامي | |
| 250 | _aط1 | ||
| 260 |
_bمطبعة رنج _aالسليمانية - العراق _c2004 |
||
| 300 | _a169 | ||
| 942 | _cBk | ||
| 999 |
_c190405 _d190405 |
||